000 00671nam a22002177a 4500
999 _c18676
_d18676
003 AR-CdUCM
008 190515b ||||| |||| 00| 0 spa d
040 _aMUNICIPALIDAD PROVINCIAL DEL CUSCO
_cBIBLIOTECA MUNICIPAL DEL CUSCO
082 _a690 /
_bE36
100 _aElder, A. J.
_939407
245 _aConstrucción manuales /
260 _aMadrid :
_bH. Blume,
_c1977.
300 _a421 páginas ;
_bIlustraciones,
_c32 cm.
505 _aContenido: Resumen de bibliografias ...
650 _aConstrucción
_94996
650 _aAlmacenes
_98843
650 _aManuales
_95970
700 _aVandenberg, Maritz
_939408
942 _2ddc
_cLIBROS
945 _aacv
_d2019-05-15